000
00319 a2200157 4500
001
173742
020
_a
040
_c
Magnum
100
_a
Parent, Maju
240
1
0
_a
Fininha, a fofinha
_l
por
245
1
0
_a
Fininha, a fofinha
362
0
_a
1899
440
1
_a
Salamandra
697
_a
I/PARADIDATICO
942
_c
BK
999
_c
173742
_d
173742